000
00284nam a22001337a 4500
008
181023b xxu||||| |||| 00| 0 eng d
020
_a
9781426017865
041
_a
eng
080
_a
004
100
_a
004
101
_a
28
245
_a
CompTIA Network
_c
Winder, J
942
_2
udc
_c
BK
999
_c
50729
_d
50729